Business Reading

Gespeichert in:
Bibliographische Detailangaben
1. Verfasser: Land, Geoffrey
Format: Buch
Sprache:Englisch
Veröffentlicht: Harlow Longman 1990
Ausgabe:1. ed.
Schlagworte:
Tags: Tag hinzufügen
Keine Tags, Fügen Sie das erste Tag hinzu!

MARC

LEADER 00000nam a2200000 4500
001 c000494
005 20221215113420.3
020 |a 0-582-85220-X 
041 0 |a eng 
044 |a GB 
245 1 0 |a Business Reading  |c Geoffrey Land 
250 |a 1. ed. 
264 1 |a Harlow  |b Longman  |c 1990 
300 |a 88 s. 
610 2 0 |a podnikanie 
610 2 0 |a reklama 
610 2 0 |a bankovníctvo 
610 2 0 |a manažment 
610 2 0 |a jazykoveda 
610 2 0 |a terminológia 
610 2 0 |a angličtina 
100 1 |a Land, Geoffrey